[Event "ROM-ch U14"]
[Site "Calimanesti Caciulata"]
[Date "2016.04.21"]
[Round "4"]
[White "Cazan, Andrei"]
[Black "Lungu, Cristian"]
[Result "0-1"]
[WhiteElo "1175"]
[BlackElo "1512"]
[PlyCount "86"]
[EventDate "2016.04.18"]
[EventType "swiss"]
[EventRounds "9"]
[EventCountry "ROU"]
[SourceTitle "CBM 172 Extra"]
[Source "ChessBase"]
[SourceDate "2016.06.21"]
[SourceVersion "1"]
[SourceVersionDate "2016.06.21"]
[SourceQuality "1"]

1. d4 d5 2. Nf3 Nf6 3. Nc3 Bf5 4. Bg5 Nbd7 5. Bxf6 Nxf6 6. e3 e6 7. Bd3 Ne4 8. Bxe4 Bxe4 9. Nxe4 dxe4 10. Nd2 f5 11. Qe2 Qd7 12. f3 exf3 13. Nxf3 Bd6 14. Qd3 0-0-0 15. 0-0-0 Rhe8 16. Ne5 Bxe5 17. dxe5 Qc6 18. Qe2 Qc5 19. Qh5 Qxe3+ 20. Kb1 Qxe5 21. Qxh7 Qe2 22. Rc1 Qe5 23. a3 Qf6 24. Qh5 Qh6 25. Qxh6 gxh6 26. b4 Rd2 27. Rhg1 Rg8 28. Rce1 Kd7 29. Rd1 Rgxg2 30. Rxg2 Rxd1+ 31. Kb2 Rh1 32. Kc3 Kc6 33. Kc4 b5+ 34. Kd4 Kd6 35. Rd2 e5+ 36. Ke3+ Ke6 37. Kf3 Rf1+ 38. Kg2 Rf4 39. h3 Rd4 40. Rxd4 exd4 41. Kf3 Ke5 42. h4 h5 43. Kg3 Ke4 0-1